| 000 | 01131cab a2200277 4500 | ||
|---|---|---|---|
| 001 | X1647 | ||
| 008 | 090401t1994 xxu||||| |||| 00| 0 eng d | ||
| 035 | _a(Sirsi) u18378 | ||
| 041 | _aeng | ||
| 245 | _aGreenwich LBC and McDonald`s Restaurants Ltd | ||
| 260 | _c1994 | ||
| 350 | _a0 | ||
| 490 |
_aPlanning Appeal Decisions _v(1994) 9 PAD 473-479(7) |
||
| 520 | _aDecision letter 14 April 1994. Drive-thru restaurant - ancillary accommodation - car parking - effect on availability of land for industrial employment - GLDP - borough plan - regional planning guidance for London - emerging unitary development plan - sensitivity to adjacent land uses - effect on development potential of adjacent land. Costs - reasonableness of appellents at inquiry. | ||
| 650 | _aDRIVE-THRU RESTAURANT | ||
| 650 | _aPLANNING APPEAL | ||
| 650 | _aPPG1 | ||
| 650 | _aPPG4 | ||
| 650 | _aRPG3 | ||
| 650 | _aTOWN AND COUNTRY PLANNING ACT 1990 | ||
| 650 | _aUNITARY DEVELOPMENT PLAN | ||
| 650 | _aTOWN AND COUNTRY PLANNING (USE CLASSES) ORDERS | ||
| 690 | _aPLANNING LAW AND PRACTICE-CASE LAW | ||
| 942 | _n0 | ||
| 948 | _c04/03/1997 | ||
| 999 |
_c12209 _d12209 |
||